|
|
|
|
| LEADER |
00579cam a2200169 7i4500 |
| 001 |
0000017354 |
| 005 |
20060420090000.0 |
| 022 |
0 |
0 |
|a 1741-0274
|
| 090 |
0 |
0 |
|a GUIE 330.9
|b GUI
|
| 245 |
0 |
0 |
|a Guinea-Bissau :
|b EIU Country profile 2006.
|
| 260 |
0 |
0 |
|a London:
|b The Economist Intelligence Unit,
|c 2006.
|
| 300 |
# |
# |
|a 45 p.
|
| 650 |
0 |
0 |
|a Guinea-Bissau --
|x Country profile
|
| 651 |
0 |
0 |
|a Guinea-Bissau
|
| 999 |
|
|
|a SBH000497B
|b Book
|c Countries
|e MATRADE Sabah
|
| 999 |
|
|
|a PNG000506B
|b Book
|c Countries
|e MATRADE Northern Regional Office
|
| 999 |
|
|
|a B000018598
|b Book
|c Countries
|e Business Information Centre
|